[Event "Open A Caen-Alekhine 2013"]
[Site "Caen"]
[Date "????.??.??"]
[Round "1.1"]
[White "Guliyev, Namig"]
[Black "Bouvier, Clement"]
[Result "1-0"]
[WhiteElo "2559"]
[BlackElo "1889"]
[Annotator "CROUTTE,Stéphane"]
[PlyCount "93"]

1. e4 d6 2. d4 Nf6 3. Nc3 g6 4. Nf3 Bg7 5. Be2 c6 6. O-O O-O 7. a4 Nbd7 8. a5
e5 9. dxe5 Nxe5 10. Nd4 Qe7 11. Re1 Nfg4 12. h3 Nxf2 13. Kxf2 Qh4+ 14. g3 Qxh3
15. Rh1 Ng4+ 16. Bxg4 Bxd4+ 17. Qxd4 Qxh1 18. Bxc8 Raxc8 19. Qf6 Rce8 20. Qh4
Qxh4 21. gxh4 f5 22. Bh6 Rf7 23. exf5 Rxf5+ 24. Kg3 a6 25. Rd1 Re6 26. Bf4 Rxa5
27. Bxd6 Rf5 28. Bf4 Kg7 29. Rd7+ Rf7 30. Bh6+ Kf6 31. Rd1 Re5 32. Rd2 Ke6 33.
Ne2 Rd7 34. Nd4+ Ke7 35. b4 Re4 36. c3 Kd8 37. Rf2 Re8 38. Rf6 Kc8 39. Bf4 Rd5
40. Nf3 Rd7 41. c4 Rde7 42. Ng5 Kd7 43. c5 Rg8 44. Bd6 h6 (44... Re1 45. Rf7+
Kc8 46. Rc7+ $18) 45. Bxe7 hxg5 46. Bd6 gxh4+ 47. Kxh4 1-0

[Event "Open A Caen-Alekhine 2013"]
[Site "Caen"]
[Date "????.??.??"]
[Round "1.2"]
[White "Kvashyna, Tetyana"]
[Black "Shchekachev, Andrei"]
[Result "0-1"]
[WhiteElo "1882"]
[BlackElo "2517"]
[PlyCount "80"]

1. d4 Nf6 2. Nf3 e6 3. e3 c5 4. Bd3 g6 5. O-O Bg7 6. Nbd2 cxd4 7. exd4 O-O 8.
c3 Qc7 9. Ne4 Nxe4 10. Bxe4 d6 11. Be3 Nd7 12. h3 Nf6 13. Bc2 b6 14. Qc1 Bb7
15. Bd1 Rac8 16. Bh6 b5 17. Bxg7 Kxg7 18. Be2 b4 19. cxb4 Qb6 20. Qd2 Bxf3 21.
Bxf3 Rc4 22. Rfd1 Rxb4 23. b3 a5 24. Rac1 d5 25. Qf4 Qb8 26. Qc7 a4 27. bxa4
Rxa4 28. Qxb8 Rxb8 29. Rd2 Rbb4 30. Rcd1 Ne8 31. Be2 Nd6 32. f3 Nf5 33. Bd3
Nxd4 34. Bb1 Nb5 35. Rc1 d4 36. Be4 Nc3 37. Rcc2 f5 38. Bd3 e5 39. Bf1 Rb1 40.
Rf2 Rd1 0-1

[Event "Open A Caen-Alekhine 2013"]
[Site "Caen"]
[Date "????.??.??"]
[Round "1.3"]
[White "Colin, Vincent"]
[Black "Imperor, Lorene"]
[Result "1-0"]
[WhiteElo "2412"]
[BlackElo "1877"]
[PlyCount "59"]

1. e4 c5 2. c3 d5 3. exd5 Qxd5 4. d4 Nc6 5. Nf3 Bf5 6. Be2 cxd4 7. cxd4 Bxb1 8.
Rxb1 e6 9. a3 Bd6 10. O-O Nge7 11. Be3 O-O 12. Rc1 Bc7 13. Rc5 Qd6 14. Rh5 Nf5
15. Bd3 g6 16. Rh3 Ncxd4 17. Ng5 h6 18. Ne4 Qe5 19. g4 Nxe3 20. fxe3 Nc6 21. g5
f5 22. gxf6 Kf7 23. Qg4 Rh8 24. Nd6+ Kf8 25. Nf7 Kxf7 26. Qxg6+ Kf8 27. Qg7+
Ke8 28. Qxh8+ Kd7 29. Qxa8 Qg5+ 30. Kh1 1-0

[Event "Open A Caen-Alekhine 2013"]
[Site "Caen"]
[Date "????.??.??"]
[Round "1.4"]
[White "Bordais, Dominique"]
[Black "Jolly, Jean-Francois"]
[Result "0-1"]
[WhiteElo "1874"]
[BlackElo "2375"]
[Annotator "CROUTTE,Stéphane"]
[PlyCount "88"]

1. e4 c5 2. Nf3 Nc6 3. d4 cxd4 4. Nxd4 Nf6 5. Nc3 e5 6. Ndb5 d6 7. Bg5 a6 8.
Na3 b5 9. Nd5 Be7 10. Bxf6 Bxf6 11. c3 O-O 12. Nc2 Bg5 13. a4 bxa4 14. Rxa4 a5
15. Bc4 Rb8 16. b3 Kh8 17. h4 Bh6 18. g4 Bf4 19. Nce3 Be6 20. Ra2 Qd7 21. Rd2
Rfd8 22. h5 Bg5 23. Rd3 Ne7 24. Nf5 Bxd5 25. Bxd5 Nxd5 26. Rxd5 Qb7 27. O-O
Qxb3 28. Qxb3 Rxb3 29. Nxd6 Kg8 30. c4 g6 31. hxg6 hxg6 32. Ra1 Rb2 33. c5 Rc2
34. Rxa5 Bh4 35. Rxe5 Bxf2+ 36. Kf1 Kg7 37. Ra7 Bxc5 38. Rxf7+ Kh6 39. Rxc5
Rxc5 40. Rf6 Kg5 41. Re6 Rf8+ 42. Ke2 Rf6 43. Rxf6 Kxf6 44. Ke3 Ke7 (44... Ke7
45. e5 (45. Nb7 Rb5 $19) 45... Ke6 46. Kf4 Ra5 $19) 0-1

[Event "Open A Caen-Alekhine 2013"]
[Site "Caen"]
[Date "????.??.??"]
[Round "1.5"]
[White "Bruned, Yvain"]
[Black "Baldi, Valentine"]
[Result "1-0"]
[WhiteElo "2374"]
[BlackElo "1865"]
[PlyCount "135"]

1. e4 d5 2. exd5 Qxd5 3. Nc3 Qa5 4. d4 Nf6 5. Bc4 c6 6. Nf3 Bf5 7. Bd2 Qc7 8.
O-O e6 9. Ne2 Bd6 10. Ng3 Bg4 11. Qe2 O-O 12. h3 Bxf3 13. Qxf3 Nbd7 14. c3 Rfe8
15. Bg5 e5 16. Ne4 Be7 17. Bxf6 Nxf6 18. Ng5 Rf8 19. Rfe1 exd4 20. cxd4 h6 21.
Ne4 Nxe4 22. Rxe4 Bf6 23. Rg4 Kh8 24. Rd1 Rad8 25. Rf4 Rd6 26. a4 Rfd8 27. b3
a6 28. Re1 b5 29. Bd3 Rxd4 30. Rxf6 gxf6 31. Qxf6+ Kg8 32. Re7 Qxe7 33. Qxe7
Rxd3 34. Qa7 Rxb3 35. Qxa6 c5 36. axb5 Rb8 37. Qxh6 R3xb5 38. Qg5+ Kh7 39. Qf5+
Kg7 40. h4 Rh8 41. h5 Rh6 42. Qg5+ Kh7 43. Qf5+ Kg7 44. g3 Rbb6 45. Qxc5 Rbe6
46. Kg2 Re8 47. Qg5+ Kh7 48. Qf5+ Kg7 49. g4 Ree6 50. Qg5+ Kh7 51. Qf5+ Kg7 52.
Kg3 Ra6 53. Qg5+ Kh7 54. Qf5+ Kg7 55. f3 Kg8 56. g5 Rhc6 57. h6 Rg6 58. f4 Ra1
59. Qc8+ Kh7 60. Qf8 Ra7 61. Kg4 f6 62. Qc5 Rd7 63. Qb5 Re7 64. Qf5 fxg5 65.
Kh5 Ree6 66. fxg5 Rd6 67. Qf7+ Kh8 68. Qxg6 1-0

[Event "Open A Caen-Alekhine 2013"]
[Site "Caen"]
[Date "????.??.??"]
[Round "1.6"]
[White "Guillaumat, Jean-Pierre"]
[Black "Legky, Nikolay A"]
[Result "0-1"]
[WhiteElo "1850"]
[BlackElo "2373"]
[PlyCount "72"]

1. d4 Nf6 2. Nf3 e6 3. c4 c5 4. d5 exd5 5. cxd5 Bd6 6. g3 Bc7 7. Bg2 d6 8. Nc3
a6 9. a4 O-O 10. O-O Re8 11. Qc2 Nbd7 12. h3 Rb8 13. Bg5 h6 14. Bxf6 Nxf6 15.
Nh4 b5 16. axb5 axb5 17. Rfd1 Bd7 18. e4 b4 19. Nb1 b3 20. Qd3 Rb4 21. Nc3 Rd4
22. Qf1 Bb6 23. Nf5 Bxf5 24. exf5 c4 25. Rxd4 Bxd4 26. Qxc4 Qb6 27. Rf1 Bxc3
28. Qxc3 Re2 29. Qc6 Qb4 30. Qc3 Qxc3 31. bxc3 b2 32. Rb1 Rc2 33. Bf1 Nxd5 34.
Bd3 Rc1+ 35. Kg2 Rxb1 36. Bxb1 Nxc3 0-1

[Event "Open A Caen-Alekhine 2013"]
[Site "Caen"]
[Date "????.??.??"]
[Round "1.7"]
[White "Godart, Francois"]
[Black "Girault, Simon"]
[Result "1-0"]
[WhiteElo "2364"]
[BlackElo "1835"]
[PlyCount "81"]

1. d4 d5 2. Nf3 Nf6 3. e3 e6 4. Bd3 Bd6 5. Nbd2 Nbd7 6. O-O O-O 7. e4 dxe4 8.
Nxe4 Nxe4 9. Bxe4 h6 10. c4 Nf6 11. Bc2 c5 12. dxc5 Bxc5 13. Qe2 Qe7 14. Bd2 b6
15. a3 Bb7 16. b4 Bd6 17. Bc3 Rac8 18. Rfd1 Bb8 19. Rd4 Rfd8 20. Rh4 Bxf3 21.
Qxf3 Nd5 22. g3 Nxc3 23. Qxc3 Qg5 24. Qf3 Rd7 25. Re1 Rcd8 26. Rg4 Qe7 27. Qe3
Qf6 28. c5 bxc5 29. bxc5 Rd4 30. Rxd4 Qxd4 31. Rd1 Qf6 32. Rb1 Rc8 33. Qd3 g6
34. Rb7 Qd8 35. Rd7 Qa5 36. Rxf7 Kxf7 37. Qd7+ Kf6 38. Qxc8 Qc7 39. Qf8+ Ke5
40. Bxg6 a5 41. Qxh6 1-0

[Event "Open A Caen-Alekhine 2013"]
[Site "Caen"]
[Date "????.??.??"]
[Round "1.8"]
[White "Bertrand, Julien"]
[Black "Vuilleumier, Alexandre"]
[Result "0-1"]
[WhiteElo "1818"]
[BlackElo "2325"]
[PlyCount "88"]

1. Nf3 Nf6 2. d4 e6 3. c4 d5 4. e3 Be7 5. Nc3 O-O 6. Be2 c5 7. O-O Nc6 8. a3 b6
9. cxd5 exd5 10. Ne5 Bb7 11. Nxc6 Bxc6 12. b3 Bd6 13. Bb2 Qb8 14. g3 Qb7 15.
Bf3 Rfd8 16. Ne2 c4 17. Bc3 a5 18. Qc2 b5 19. Rfb1 Re8 20. Nf4 Bxf4 21. exf4
Qc8 22. Kg2 Bd7 23. Qd2 Bh3+ 24. Kg1 Bf5 25. Rb2 Ne4 26. Bxe4 Bxe4 27. bxc4 Qg4
28. Qd1 Bf3 29. Qf1 dxc4 30. Re1 Rxe1 31. Qxe1 Bc6 32. d5 Bxd5 33. f3 Qxf3 34.
Qe5 f6 35. Qe1 Qh1+ 36. Kf2 Qxh2+ 37. Ke3 Re8+ 38. Kd4 Qh5 39. Rh2 Qf7 40. Re2
Qa7+ 41. Kxd5 Qd7+ 42. Kc5 Rc8+ 43. Kb6 Qc6+ 44. Kxa5 Ra8+ 0-1

[Event "Open A Caen-Alekhine 2013"]
[Site "Caen"]
[Date "????.??.??"]
[Round "1.9"]
[White "Coursaget, Nicolas"]
[Black "Marie, Xavier"]
[Result "1-0"]
[WhiteElo "2300"]
[BlackElo "1814"]
[Annotator "CROUTTE,Stéphane"]
[PlyCount "49"]

1. d4 Nf6 2. Nf3 c5 3. d5 b5 4. c4 Bb7 5. Nc3 b4 6. Na4 d6 7. Qc2 g6 8. e4 Nbd7
9. b3 Bg7 10. Bb2 O-O 11. Bd3 Qc7 12. O-O e5 13. dxe6 fxe6 14. Ng5 Rae8 15. f4
e5 16. f5 gxf5 17. exf5 e4 18. Be2 d5 19. Ne6 Qd6 20. cxd5 (20. Nxf8 $18) 20...
Bxd5 (20... Rf7 21. Rad1 $18) 21. Rad1 Rf7 22. Nf4 Qc6 23. Bxf6 Nxf6 24. Qxc5
Rd7 25. Rxd5 1-0

[Event "Open A Caen-Alekhine 2013"]
[Site "Caen"]
[Date "????.??.??"]
[Round "1.10"]
[White "Aghamir Alrobiai, Nizar"]
[Black "Bouget, Alexandre"]
[Result "0-1"]
[WhiteElo "1807"]
[BlackElo "2282"]
[PlyCount "94"]

1. e4 e5 2. Nf3 Nc6 3. Bb5 a6 4. Ba4 Nf6 5. O-O Be7 6. Re1 b5 7. Bb3 O-O 8. h3
Bb7 9. d3 d5 10. exd5 Nxd5 11. Nc3 Nxc3 12. bxc3 Bf6 13. Nd2 Na5 14. Ne4 Be7
15. Qf3 Kh8 16. Qh5 Nxb3 17. axb3 f5 18. Ng5 Bxg5 19. Qxg5 e4 20. Qxd8 Rfxd8
21. d4 h6 22. Bf4 Rd7 23. Be5 Kh7 24. c4 Re8 25. cxb5 axb5 26. Ra7 c5 27. c3 b4
28. Rc1 bxc3 29. Rxc3 cxd4 30. Bxd4 f4 31. Bb6 Ree7 32. Bc5 Re6 33. b4 Rg6 34.
Rc4 Rd1+ 35. Kh2 Bc6 36. b5 Bxb5 37. Rxe4 Bc6 38. Rae7 Bxe4 39. Rxe4 Rc6 40.
Ba3 g5 41. h4 Kg6 42. Re8 Ra6 43. Bb2 Rd2 44. Bc3 Rxf2 45. Rg8+ Kf5 46. Bd4 Rd2
47. Rf8+ Kg4 0-1

[Event "Open A Caen-Alekhine 2013"]
[Site "Caen"]
[Date "????.??.??"]
[Round "1.24"]
[White "Kovarski, Julien"]
[Black "Thereze, Ludovic"]
[Result "0-1"]
[WhiteElo "1732"]
[BlackElo "2020"]
[Annotator "CROUTTE,Stéphane"]
[PlyCount "92"]

1. d4 e6 2. c4 f5 3. Nc3 Nf6 4. Nf3 b6 5. e3 Bb7 6. a3 a5 7. Be2 Be7 8. O-O O-O
9. Rb1 Na6 10. Ne5 d6 11. Nd3 Qe8 12. Nf4 Qf7 13. d5 e5 $6 (13... exd5 $11) 14.
Ne6 Rfc8 15. b4 axb4 16. axb4 Nb8 17. f4 $1 {Les Blancs vont lancer l'attaque
sur l'aile-Roi} e4 $6 18. Nb5 Na6 19. Nbd4 g6 20. Qe1 Nb8 21. Qg3 Kh8 22. b5
Nbd7 23. Ng5 Qg8 24. Bb2 Nf8 $2 25. Nde6 (25. Bh5 $3 {[%cal Yd4f5,Rg5f7]} Nxh5
(25... gxh5 26. Nxf5 $18 {[%csl Ye7,Yf6,Rg8][%cal Yf5h6,Rf4f5]}) 26. Nxf5+ Bf6
(26... Ng7 27. Bxg7+ Qxg7 28. Nxg7 $18) 27. Bxf6+ Nxf6 28. Nh6 Qg7 29. Ngf7+
$18) 25... Ra2 26. Bd1 Nxe6 27. dxe6 (27. Nxe6 Qf7 28. Rf2 {[%csl Ya2]} Ra7 29.
Ng5 Qg7 30. Qh3 $18) 27... Kg7 28. Bb3 Ra7 $2 (28... Rxb2 $1 29. Rxb2 Ra8 30.
Qe1 h6 31. Qc3 $5 Ra3 32. Rbb1 hxg5 33. fxg5 Qxe6 34. Qb2 $14) 29. Qh4 {[%cal
Yg5f7,Rg2g4]} h5 30. Nf7 Rf8 31. Qg5 $5 (31. c5 $1 d5 (31... bxc5 32. g4 fxg4
33. f5 Qh7 34. fxg6 Qxg6 35. Rf4 $18 {[%cal Yb1f1]}) 32. c6 Bc8 33. Bxd5 $18) (
31. g4 $5 fxg4 32. f5 Rxf7 (32... Qh7 33. fxg6 Qxg6 34. Rf4 $18 {[%csl Rf6]
[%cal Yb1f1]}) 33. exf7 Qxf7 34. fxg6 {[%csl Yf6]} Kxg6 35. c5 {[%csl Rf6]} d5
36. cxb6 cxb6 37. Qg3 {[%cal Yg3b8]} Ra8 38. Rxf6+ Bxf6 39. Rf1 $18) 31... Qh7
$4 (31... Rxf7 {était la seule chance de salut} 32. exf7 Qxf7 33. Ra1 $16) 32.
Ra1 Rfa8 33. Qh4 $1 (33. Rxa7 $142 Rxa7 34. c5 bxc5 35. b6 cxb6 36. Nxd6 $18 {
[%csl Ge6][%cal Yd6f5]}) 33... Rxa1 34. Rxa1 Rxa1+ 35. Bxa1 Bc8 (35... c5 $2 {
[%csl Yd6]} 36. Qg5 $1 (36. bxc6 $5 Bxc6 37. Bd4 b5 38. cxb5 Bxb5 39. Nxd6 $18)
(36. Nxd6 $5 $18) 36... Bc8 37. Nxd6 $18) 36. c5 $1 bxc5 (36... dxc5 37. Bb2
Qg8 38. Qg5 Qh7 39. Ne5 Qh6 40. Nc6 $18) 37. Bd5 Qg8 38. Qg5 Qh7 39. h3 (39. h4
$22 $18 {Une position incroyable qui aurait pu honorer la stratégie blanche})
39... h4 40. Kf2 (40. b6 cxb6 41. Nxd6 $18) 40... Qh5 41. g3 $4 {La gaffe
inattendue} (41. Ke1 Qh7 $8 42. Kd2 Qh5 43. Bc3 Qh7 44. Kc2 Qh5 45. Kb3 Qh7 (
45... Qd1+ 46. Kb2 Qe2+ 47. Ka3 Qh5 (47... Kf8 48. Qh6+ Ke8 49. Nxd6+ $1 {
[%csl Re8][%cal Yh6g6,Yh6h8]} Bxd6 50. Qxg6+ Kd8 51. Bxf6+ Be7 52. Qg8#) 48.
Ka4 $18) 46. Ka4 Qh5 47. Ka5 Qh7 48. b6 cxb6+ 49. Kxb6 Qh5 50. Kc7 Ba6 51. Nxd6
$18 {[%csl Rf6][%cal Yd6e8]}) 41... Qf3+ 42. Kg1 Qxe3+ 43. Kg2 Qxg3+ 44. Qxg3
hxg3 45. Kxg3 Kf8 46. Nh8 Nxd5 {0-1 KOVARSKI Julien (1732)-THEREZE Ludovic 
(2020)/Open de Caen 2013/[CROUTTE,Stéphane]} 0-1

[Event "Open A Caen-Alekhine 2013"]
[Site "Caen"]
[Date "????.??.??"]
[Round "2.1"]
[White "Thereze, Ludovic"]
[Black "Guliyev, Namig"]
[Result "1-0"]
[WhiteElo "2020"]
[BlackElo "2559"]
[Annotator "CROUTTE,Stéphane"]
[PlyCount "97"]

1. e4 c5 2. Nf3 e6 3. c3 d5 4. e5 d4 5. Bd3 Nc6 6. O-O g5 7. Be4 Bd7 8. d3 g4
9. Ne1 Nxe5 10. f4 Nc6 11. Qxg4 Nf6 12. Qe2 Bg7 13. Na3 Nxe4 14. dxe4 dxc3 15.
e5 Nd4 16. Qg4 Kf8 17. bxc3 h5 18. Qd1 Nf5 19. Nc4 Bb5 20. Qb3 Ba6 21. Rf2 Qd5
22. Ne3 Qe4 23. Qa3 Rc8 24. N1c2 Nh4 25. Nd4 Bh6 26. Nf1 Rg8 27. g3 Rg6 $2 (
27... Kg7 28. Nb3 (28. gxh4 Kh8+ 29. Ng3 Qe1+ 30. Kg2 cxd4 $19) 28... Nf3+ {
[%cal Re4h1]} 29. Kh1 Bxf1 30. Rxf1 Ne1+ 31. Kg1 Qg2#) 28. Bd2 Kg8 29. Re1 Qd3
30. Re3 Qc4 31. Nf3 Bxf4 32. Re1 Nf5 33. Bxf4 Qxf4 34. Nd4 Qg5 35. Nxf5 exf5
36. Qc1 h4 37. Qxg5 Rxg5 38. Kg2 Rd8 39. Ne3 Bd3 40. Kf3 hxg3 41. hxg3 Rg6 42.
Rh2 Re8 43. Kf4 f6 44. Nxf5 Bxf5 45. Kxf5 Rxg3 $4 (45... Kg7 $11) 46. Reh1 Kf8
$2 (46... Rf3+ 47. Ke4 Rg3 48. Rh8+ Kf7 49. R1h7+ Kg6 50. Rh6+ Kg5 51. Rh5+ Kg6
52. Rxe8 Rxc3 53. exf6 $18) 47. Rh8+ Rg8 48. Kxf6 Rc8 49. R1h7 (49. R1h7 Rc6+
50. e6 $18 {[%cal Yh7f7]}) 1-0

[Event "Open A Caen-Alekhine 2013"]
[Site "Caen"]
[Date "????.??.??"]
[Round "2.2"]
[White "Shchekachev, Andrei"]
[Black "Sobry, Sebastien"]
[Result "1-0"]
[WhiteElo "2517"]
[BlackElo "2030"]
[PlyCount "41"]

1. Nf3 d5 2. d4 Nc6 3. c4 Bg4 4. Nc3 e6 5. Bf4 Bxf3 6. gxf3 Bd6 7. Bg3 Nge7 8.
e3 O-O 9. a3 Ng6 10. cxd5 exd5 11. Nb5 Bxg3 12. hxg3 Nb8 13. Nc3 c6 14. f4 Re8
15. Bd3 Nd7 16. Kf1 Nf6 17. g4 c5 18. Bb5 cxd4 19. Qxd4 Re7 20. g5 Nd7 21. Nxd5
1-0

[Event "Open A Caen-Alekhine 2013"]
[Site "Caen"]
[Date "????.??.??"]
[Round "2.3"]
[White "Levesque, Thomas"]
[Black "Colin, Vincent"]
[Result "0-1"]
[WhiteElo "1998"]
[BlackElo "2412"]
[PlyCount "86"]

1. d4 Nf6 2. c4 g6 3. Nc3 Bg7 4. e4 d6 5. f4 O-O 6. Nf3 c5 7. d5 e6 8. dxe6
fxe6 9. Bd3 Nc6 10. O-O a6 11. h3 Ne8 12. Ne2 Nc7 13. a3 b5 14. Be3 Bxb2 15.
Ra2 Bg7 16. g4 Qe7 17. Ng3 Bb7 18. Qc1 Nd4 19. Nh2 bxc4 20. Bb1 d5 21. e5 Ncb5
22. Bxd4 Nxd4 23. g5 Nf5 24. Bxf5 exf5 25. h4 Bc6 26. h5 Rfb8 27. Nf3 Qe6 28.
Nd2 Rb7 29. hxg6 hxg6 30. Rb2 Rab8 31. Rxb7 Rxb7 32. Qc3 Bb5 33. Rb1 d4 34. Qa5
Qd5 35. Rxb5 axb5 36. Qa8+ Kh7 37. Qc8 c3 38. Nb3 Qxb3 39. Qxb7 c2 40. Qh1+ Kg8
41. Qa8+ Bf8 42. Ne2 d3 43. Qe8 Qf7 0-1

[Event "Open A Caen-Alekhine 2013"]
[Site "Caen"]
[Date "????.??.??"]
[Round "2.4"]
[White "Jolly, Jean-Francois"]
[Black "Rousseau, Luc"]
[Result "1-0"]
[WhiteElo "2375"]
[BlackElo "2016"]
[PlyCount "81"]

1. e4 e5 2. Nf3 Nc6 3. Bb5 a6 4. Ba4 Nf6 5. O-O Be7 6. Re1 b5 7. Bb3 d6 8. c3
O-O 9. h3 Nb8 10. d4 Nbd7 11. Nbd2 Bb7 12. Bc2 Re8 13. Nf1 Bf8 14. Ng3 g6 15.
b3 d5 16. exd5 Nxd5 17. Bg5 f6 18. Bd2 exd4 19. cxd4 Rxe1+ 20. Qxe1 Qe7 21. Qf1
Re8 22. a4 c6 23. h4 Qf7 24. h5 f5 25. Ne2 Bd6 26. Nc1 Nf4 27. Bxf4 Bxf4 28.
Nd3 Bd6 29. b4 Nb6 30. Nc5 Bc8 31. Bb3 Nd5 32. axb5 Bxc5 33. dxc5 axb5 34. Rd1
Bd7 35. Bxd5 cxd5 36. Qd3 Bc6 37. Nd4 Qd7 38. Nxc6 Qxc6 39. Qxd5+ Qxd5 40. Rxd5
Re4 41. c6 1-0

[Event "Open A Caen-Alekhine 2013"]
[Site "Caen"]
[Date "????.??.??"]
[Round "2.5"]
[White "Tronchere, Laurent"]
[Black "Bruned, Yvain"]
[Result "0-1"]
[WhiteElo "1980"]
[BlackElo "2374"]
[PlyCount "56"]

1. e4 c5 2. Nc3 a6 3. f4 b5 4. g3 Bb7 5. Bg2 e6 6. Nge2 d5 7. exd5 Nf6 8. O-O
exd5 9. d4 b4 10. Nb1 c4 11. Nd2 Nc6 12. c3 a5 13. Re1 Be7 14. Kh1 O-O 15. Ng1
Bd6 16. Nh3 Qc7 17. Nf2 Rfe8 18. Nf3 a4 19. Ne5 a3 20. Nfg4 Nxg4 21. Qxg4 Na5
22. Rf1 f6 23. Nf3 Bc8 24. Qh5 Be6 25. Nh4 Qf7 26. Qxf7+ Bxf7 27. Nf5 Bf8 28.
Ne3 axb2 0-1

[Event "Open A Caen-Alekhine 2013"]
[Site "Caen"]
[Date "????.??.??"]
[Round "2.6"]
[White "Legky, Nikolay A"]
[Black "Vignier, Pascal"]
[Result "1/2-1/2"]
[WhiteElo "2373"]
[BlackElo "2011"]
[PlyCount "114"]

1. d4 d5 2. c4 c6 3. Nc3 Nf6 4. Nf3 e6 5. e3 Be7 6. g4 Nbd7 7. Qc2 dxc4 8. Bxc4
Nb6 9. Be2 Nbd5 10. g5 Nd7 11. e4 Nxc3 12. bxc3 Qc7 13. Be3 a6 14. a4 c5 15.
Qd2 Qa5 16. d5 exd5 17. exd5 Bd6 18. c4 Qc7 19. Ra3 O-O 20. h3 Ne5 21. Nh2 Ng6
22. Ng4 Re8 23. h4 Bxg4 24. Bxg4 Bf4 25. O-O Re4 26. Bxf4 Rxf4 27. Rg3 Rd4 28.
Qe3 Nxh4 29. Re1 Ng6 30. Bh5 Qd6 31. Bxg6 hxg6 32. Qe7 Qxe7 33. Rxe7 b5 34.
axb5 axb5 35. cxb5 Rxd5 36. b6 Rb8 37. Rc7 Rd1+ 38. Kg2 Rb1 39. Rf3 R1xb6 40.
Rfxf7 c4 41. Rxg7+ Kh8 42. Rgd7 c3 43. Kg3 c2 44. Rxc2 R6b7 45. Rc8+ Rxc8 46.
Rxb7 Rc4 47. f4 Rc3+ 48. Kg4 Rc1 49. Kf3 Re1 50. Rb3 Kg7 51. Re3 Rd1 52. Ke4
Rd7 53. f5 gxf5+ 54. Kxf5 Rd5+ 55. Kg4 Rd6 56. Kh5 Rd7 57. Re6 Ra7 1/2-1/2

[Event "Open A Caen-Alekhine 2013"]
[Site "Caen"]
[Date "????.??.??"]
[Round "2.7"]
[White "Waquet, Frederic"]
[Black "Godart, Francois"]
[Result "0-1"]
[WhiteElo "1971"]
[BlackElo "2364"]
[PlyCount "82"]

1. e4 e5 2. Nc3 Nf6 3. g3 d5 4. exd5 Nxd5 5. Bg2 Nxc3 6. bxc3 Nc6 7. Qe2 Bd6 8.
Nf3 O-O 9. O-O Bg4 10. Qc4 Qd7 11. d3 h6 12. Rb1 Rab8 13. Be3 a6 14. Nd2 Na5
15. Qd5 b6 16. Nc4 Be6 17. Qf3 Nxc4 18. dxc4 Bxc4 19. Rfd1 Bxa2 20. Ra1 Be6 21.
h3 a5 22. Qh5 Qe8 23. Bd5 Bxd5 24. Rxd5 f5 25. Qxe8 Rfxe8 26. Ra4 Kf7 27. Kf1
Ke6 28. Rd1 Ra8 29. c4 Red8 30. Re1 Bb4 31. Rb1 Bd2 32. Ke2 Bxe3 33. fxe3 Rdb8
34. Rd1 c6 35. Rda1 Rb7 36. R1a3 Kd6 37. Rd3+ Kc5 38. Rda3 e4 39. Ra1 Rd7 40.
Rf1 g6 41. g4 Rad8 0-1

[Event "Open A Caen-Alekhine 2013"]
[Site "Caen"]
[Date "????.??.??"]
[Round "2.8"]
[White "Vuilleumier, Alexandre"]
[Black "Schott, Raimund"]
[Result "1-0"]
[WhiteElo "2325"]
[BlackElo "1997"]
[PlyCount "89"]

1. e4 c5 2. Nf3 Nc6 3. Bb5 e6 4. O-O Nge7 5. Re1 Ng6 6. c3 a6 7. Bf1 Be7 8. d4
cxd4 9. cxd4 d5 10. Nc3 O-O 11. g3 dxe4 12. Nxe4 b5 13. Bg2 Bb7 14. Nc5 Bxc5
15. dxc5 Nb4 16. Be3 Rc8 17. Qe2 Qe7 18. a3 Nd5 19. b4 Rfd8 20. h4 Nf8 21. Bd4
Nxb4 22. axb4 Bxf3 23. Bxf3 Rxd4 24. Qb2 Qf6 25. Bb7 Rc7 26. Bxa6 h6 27. Bxb5
Ng6 28. Ra8+ Kh7 29. Qe2 Ne7 30. Bd3+ g6 31. h5 Rxb4 32. hxg6+ Nxg6 33. Bxg6+
Kxg6 34. Qd3+ Kg7 35. Qd6 Qc3 36. Qf8+ Kg6 37. Re3 Qxc5 38. Qg8+ Kh5 39. Kh2
Qf5 40. g4+ Rxg4 41. Rh3+ Rh4 42. Rxh4+ Kxh4 43. Qg3+ Kh5 44. Ra4 Qg5 45. Qxc7
1-0

[Event "Open A Caen-Alekhine 2013"]
[Site "Caen"]
[Date "????.??.??"]
[Round "2.9"]
[White "Blondel, Jerome"]
[Black "Coursaget, Nicolas"]
[Result "0-1"]
[WhiteElo "1914"]
[BlackElo "2300"]
[Annotator "CROUTTE,Stéphane"]
[PlyCount "52"]

1. c4 c6 2. g3 d5 3. cxd5 cxd5 4. d4 Nf6 5. Nc3 Nc6 6. Bg2 Qb6 7. Nf3 Bf5 8.
O-O e6 9. Qa4 Be7 10. Qb5 Qxb5 11. Nxb5 Kd7 12. b3 Ne4 13. Ne5+ Nxe5 14. dxe5
Rhc8 15. Nd4 Bc5 16. Bb2 Bxd4 17. Bxd4 Nc3 18. Bxc3 Rxc3 19. Rfd1 Ke7 20. Kf1
a5 21. Rd2 Rac8 22. Rad1 R8c7 23. Ke1 b5 24. Rd4 Bc2 25. Rc1 b4 26. e4 Bxb3 (
26... Bxb3 27. Rxc3 bxc3 28. axb3 c2 $18) 0-1

[Event "Open A Caen-Alekhine 2013"]
[Site "Caen"]
[Date "????.??.??"]
[Round "2.10"]
[White "Bouget, Alexandre"]
[Black "Marsala, Christophe"]
[Result "1-0"]
[WhiteElo "2282"]
[BlackElo "1976"]
[Annotator "CROUTTE,Stéphane"]
[PlyCount "89"]

1. d4 Nf6 2. c4 c5 3. d5 b5 4. cxb5 a6 5. bxa6 Bxa6 6. Nc3 g6 7. Nf3 d6 8. g3
Bg7 9. Rb1 O-O 10. Bg2 Nbd7 11. O-O Qa5 12. Bd2 Rfb8 13. Qc2 Qd8 14. b3 Nb6 15.
Nh4 Ng4 16. Rfe1 Ra7 17. h3 Nf6 18. Rbd1 Nbd7 19. e4 Ne5 20. Be3 Qa5 21. f4
Neg4 $2 22. Bd2 (22. hxg4 Nxg4 {[%csl Yc3][%cal Yg4e3,Rg7d4]} 23. e5 $1 dxe5
24. Nf3 $18 {[%csl Gd4]}) 22... Nh6 23. Bf3 Bc8 24. Kh2 Nhg4+ 25. hxg4 Bxg4 26.
e5 dxe5 27. fxe5 Bxf3 28. Nxf3 Ng4+ 29. Kg2 Qa6 30. Qe4 Rb4 31. Qe2 Qb7 32. Na4
Rb5 33. Qe4 h5 34. d6 exd6 35. exd6 Nf6 36. Qxb7 Raxb7 37. Bc3 Nd7 38. Bxg7
Kxg7 39. Re7 c4 40. bxc4 Rb4 41. Nc3 Rxc4 42. Rxd7 Rb2+ (42... Rxd7 43. Ne5
Rxc3 44. Nxd7 $18) 43. Rd2 Rxd2+ 44. Nxd2 Rxc3 45. Rc7 1-0

[Event "Open A Caen-Alekhine 2013"]
[Site "Caen"]
[Date "????.??.??"]
[Round "2.29"]
[White "Bouvier, Clement"]
[Black "Kovarski, Julien"]
[Result "0-1"]
[WhiteElo "1889"]
[BlackElo "1732"]
[Annotator "CROUTTE,Stéphane"]
[PlyCount "66"]

1. e4 e5 2. Nc3 Bc5 3. Bc4 Nf6 4. f4 d6 5. Nf3 Nc6 6. d3 Bd7 7. Na4 Bb4+ 8. c3
Ba5 9. b4 Nxb4 $6 10. cxb4 (10. fxe5 $5 dxe5 11. Rb1 Nc6 12. Ba3 $40 {[%csl
Ye8]}) 10... Bxb4+ 11. Bd2 (11. Ke2 $1 b5 12. Bxf7+ Kxf7 13. Qb3+ Ke8 14. Qxb4
bxa4 15. fxe5 $16) 11... Bxd2+ 12. Qxd2 Bxa4 13. fxe5 Nd7 14. Qb4 Nb6 15. exd6
Qxd6 16. Bb5+ Bxb5 17. Qxb5+ c6 18. Qb3 O-O-O 19. Rd1 f6 20. O-O Rhe8 21. a4
Nd7 22. Rb1 $2 Nc5 23. Qb4 Rd7 24. Qa5 Kb8 25. Kh1 Nxd3 26. Qc3 Nc5 (26... Rxe4
) 27. a5 Nxe4 28. Qc2 Qc5 29. Qb2 Qc3 30. Qa2 g5 31. Rfc1 Qe3 32. Rf1 g4 33.
Nh4 Nc3 0-1

[Event "Open A Caen-Alekhine 2013"]
[Site "Caen"]
[Date "????.??.??"]
[Round "3.1"]
[White "Villegas, Pierre"]
[Black "Shchekachev, Andrei"]
[Result "0-1"]
[WhiteElo "2253"]
[BlackElo "2517"]
[PlyCount "66"]

1. d4 g6 2. c4 Bg7 3. Nc3 c5 4. d5 d6 5. e4 Nf6 6. Nge2 e6 7. Ng3 h5 8. Be2 h4
9. Nf1 exd5 10. cxd5 O-O 11. Bg5 h3 12. g3 b5 13. Bxb5 Qa5 14. Qa4 Qxa4 15.
Bxa4 Nbd7 16. Nd2 Ne5 17. Bb5 Rb8 18. O-O-O Bg4 19. f4 Nf3 20. Be2 Nd4 21. Bxg4
Nxg4 22. Be7 Nf2 23. Nc4 Rfe8 24. Bxd6 Rb4 25. Ne5 Nxh1 26. Rxh1 Rb7 27. Nc4
Ne2+ 28. Kc2 Nxc3 29. bxc3 Rxe4 30. Kd3 Re8 31. Bxc5 Rc7 32. Bd6 Rd7 33. Rb1
Bf8 0-1

[Event "Open A Caen-Alekhine 2013"]
[Site "Caen"]
[Date "????.??.??"]
[Round "3.2"]
[White "Colin, Vincent"]
[Black "Marie, Maxime"]
[Result "1-0"]
[WhiteElo "2412"]
[BlackElo "2184"]
[PlyCount "55"]

1. e4 c5 2. Nf3 Nc6 3. c3 Nf6 4. e5 Nd5 5. Bc4 e6 6. d4 Nb6 7. Bd3 cxd4 8. cxd4
d6 9. a3 dxe5 10. dxe5 Be7 11. O-O g5 12. Qe2 g4 13. Nfd2 h5 14. Nc3 Rg8 15.
Bb5 Bd7 16. Nb3 a6 17. Bd3 Qc7 18. Re1 h4 19. Bf4 Bg5 20. Qxg4 Bxf4 21. Qxg8+
Ke7 22. Qg4 Bxe5 23. Qxh4+ Bf6 24. Qg3 Be5 25. Qg5+ Kf8 26. g3 Bg7 27. Qc5+ Ke8
28. Rad1 1-0